[Event "WchT Seniors 65"]
[Site "Struga"]
[Date "2023.09.21"]
[Round "3.4"]
[White "Koehler, Gerhard"]
[Black "Trajkovski, Mile"]
[Result "1-0"]
[WhiteElo "2189"]
[BlackElo "1947"]
[PlyCount "87"]
[EventDate "2023.09.19"]
[EventType "team-swiss"]
[EventRounds "9"]
[EventCountry "MKD"]
[SourceTitle "EXT 2024"]
[Source "ChessBase"]
[SourceDate "2023.10.10"]
[SourceVersion "1"]
[SourceVersionDate "2023.10.10"]
[SourceQuality "1"]
[WhiteTeam "Lasker Schachstiftung 65"]
[BlackTeam "Macedonia 65"]
[WhiteTeamCountry "GER"]
[BlackTeamCountry "MKD"]

1. c4 c5 2. g3 g6 3. Bg2 Bg7 4. Nc3 Nc6 5. a3 Nf6 6. Rb1 0-0 7. b4 d6 8. d3 Nd7 9. Bd2 a5 10. bxc5 Nxc5 11. a4 Nb4 12. Nb5 Bf5 13. Nf3 Nbxd3+ 14. exd3 Nxd3+ 15. Kf1 Nb2 16. Rxb2 Bxb2 17. Qb3 Bg7 18. Nfd4 Bc8 19. h4 h5 20. Bf3 Rb8 21. Kg2 Bd7 22. Re1 e5 23. Nc2 Bc6 24. Ne3 Qd7 25. Nd5 Bxd5 26. Bxd5 b6 27. Qa3 Kh7 28. Qxd6 Qxd6 29. Nxd6 f6 30. Be3 Bh6 31. Bxh6 Kxh6 32. Rb1 Kg7 33. Nb7 Rfe8 34. Rxb6 f5 35. Rb5 e4 36. Nxa5 Rxb5 37. axb5 e3 38. fxe3 Rxe3 39. b6 Re2+ 40. Kf3 Rb2 41. b7 Kf6 42. Ke3 Rb6 43. c5 Rb5 44. c6 1-0

[Event "FRM-ch op"]
[Site "Skopje"]
[Date "2023.05.05"]
[Round "2"]
[White "Trajkovski, Mile"]
[Black "Krstevski, Vladimir"]
[Result "1-0"]
[WhiteElo "1932"]
[BlackElo "1523"]
[PlyCount "67"]
[EventDate "2023.05.04"]
[EventType "swiss"]
[EventRounds "9"]
[EventCountry "MKD"]
[SourceTitle "CBM 214 Extra"]
[Source "ChessBase"]
[SourceDate "2023.07.31"]
[SourceVersion "1"]
[SourceVersionDate "2023.07.31"]
[SourceQuality "1"]

1. e4 c6 2. Nf3 d5 3. Nc3 dxe4 4. Nxe4 Nf6 5. Ng3 Bg4 6. Bc4 e6 7. h3 Bxf3 8. Qxf3 Be7 9. 0-0 0-0 10. Re1 Nbd7 11. c3 Qc7 12. d4 Rfe8 13. Bf4 Qd8 14. Rad1 Nd5 15. Bd2 N7f6 16. a3 a5 17. Bd3 b5 18. Ne4 Nxe4 19. Qxe4 g6 20. g3 Rc8 21. h4 Nf6 22. Qe2 Qd5 23. c4 Qxd4 24. Bxa5 Qa7 25. Bc3 bxc4 26. Bxc4 Qc5 27. b4 Qf5 28. f3 Nd5 29. Ba1 h5 30. Qg2 Bf6 31. Bd3 Bxa1 32. Bxf5 Bc3 33. Be4 Bxe1 34. Rxe1 1-0

[Event "FRM-ch op"]
[Site "Struga"]
[Date "2021.07.30"]
[Round "8"]
[White "Risteski, Emil"]
[Black "Trajkovski, Mile"]
[Result "1-0"]
[WhiteElo "2367"]
[BlackElo "2070"]
[PlyCount "147"]
[EventDate "2021.07.24"]
[EventType "swiss"]
[EventRounds "9"]
[EventCountry "MKD"]
[SourceTitle "CBM 203 Extra"]
[Source "ChessBase"]
[SourceDate "2021.09.30"]
[SourceVersion "1"]
[SourceVersionDate "2021.09.30"]
[SourceQuality "1"]

1. e4 e5 2. Nf3 f5 3. Nxe5 Qf6 4. d4 d6 5. Nc4 fxe4 6. Nc3 Qg6 7. Ne3 Nf6 8. Be2 c6 9. 0-0 Be7 10. f3 0-0 11. fxe4 Nxe4 12. Rxf8+ Bxf8 13. Nxe4 Qxe4 14. Bd3 Qh4 15. c3 Be6 16. Bd2 Nd7 17. g3 Qe7 18. Qc2 g6 19. Re1 Qf7 20. Rf1 Qe7 21. Ng2 Bg7 22. Nf4 Bf7 23. Re1 Qf6 24. Nh3 Bd5 25. Bf4 Nf8 26. Be4 Be6 27. Ng5 d5 28. Bd3 Bg4 29. h3 Bd7 30. h4 Bg4 31. Rf1 Qe7 32. Qf2 Re8 33. Bd2 Qd7 34. Kh2 Ne6 35. Nf3 Rf8 36. Qe3 Bf5 37. Ne5 Qe8 38. Bxf5 Rxf5 39. Rxf5 gxf5 40. Nd3 Qg6 41. Qe2 Kf7 42. Kh3 h5 43. Kg2 Qg4 44. Qf3 Qxf3+ 45. Kxf3 Bf6 46. Bf4 a6 47. Be5 Be7 48. b3 Bf8 49. Bf4 Bg7 50. Ke3 Bf6 51. Ne1 Bg7 52. Nf3 Bf6 53. Be5 Be7 54. Ne1 Bf8 55. Ng2 Bh6+ 56. Kd3 Bf8 57. c4 Bh6 58. Kc3 Kg6 59. Kd3 Bc1 60. Bf4 Bb2 61. Be3 Kf6 62. c5 Kg6 63. Nf4+ Nxf4+ 64. gxf4 Kf7 65. Kc2 Ba1 66. Kd3 Ke6 67. Bc1 Kd7 68. Bd2 Kc8 69. Bc3 Bxc3 70. Kxc3 Kc7 71. Kb4 b6 72. cxb6+ Kxb6 73. a3 a5+ 74. Kc3 1-0

[Event "FRM-ch op"]
[Site "Struga"]
[Date "2021.07.25"]
[Round "2"]
[White "Stanojoski, Zvonko"]
[Black "Trajkovski, Mile"]
[Result "1-0"]
[WhiteElo "2420"]
[BlackElo "2070"]
[PlyCount "81"]
[EventDate "2021.07.24"]
[EventType "swiss"]
[EventRounds "9"]
[EventCountry "MKD"]
[SourceTitle "CBM 203 Extra"]
[Source "ChessBase"]
[SourceDate "2021.09.30"]
[SourceVersion "1"]
[SourceVersionDate "2021.09.30"]
[SourceQuality "1"]

1. c4 c5 2. g3 Nf6 3. Bg2 d5 4. cxd5 Nxd5 5. Nc3 Nc7 6. d3 e5 7. Be3 Be7 8. Rc1 0-0 9. Na4 b6 10. Nc3 Be6 11. Bxa8 Nxa8 12. f4 Nc6 13. Nf3 f6 14. 0-0 Nc7 15. Qa4 Qd7 16. fxe5 b5 17. Nxb5 Nxb5 18. Qxb5 Rb8 19. Qa4 Rxb2 20. Bxc5 Rxa2 21. Qe4 Bd5 22. e6 Bxe6 23. Bxe7 Bd5 24. Qf4 Bxf3 25. Rxf3 Nxe7 26. Qc4+ Qd5 27. Qxd5+ Nxd5 28. e4 Ne7 29. d4 h5 30. Rf2 Ra6 31. Rc5 Rd6 32. Rd2 Nc6 33. d5 Ne5 34. Kf2 Kh7 35. Rc7 a6 36. h3 Kg6 37. Ke3 a5 38. Rb2 f5 39. Rbb7 fxe4 40. Kxe4 Kf6 41. Rxg7 1-0

[Event "Skopje op"]
[Site "Skopje"]
[Date "2019.12.07"]
[Round "2"]
[White "Trajkovski, Mile"]
[Black "Velkoski, Stojan"]
[Result "0-1"]
[WhiteElo "2075"]
[BlackElo "1563"]
[PlyCount "104"]
[EventDate "2019.12.06"]
[EventType "swiss"]
[EventRounds "9"]
[EventCountry "MKD"]
[SourceTitle "CBM 193 Extra"]
[Source "ChessBase"]
[SourceDate "2020.01.31"]
[SourceVersion "1"]
[SourceVersionDate "2020.01.31"]
[SourceQuality "1"]

1. f3 e5 2. e3 d5 3. d4 exd4 4. exd4 Nc6 5. Bb5 Bd7 6. Ne2 Bd6 7. Nbc3 Qh4+ 8. g3 Qh3 9. Kf2 Nge7 10. Bf4 Qe6 11. Re1 0-0 12. h3 Ng6 13. Bxd6 Qxd6 14. Bd3 Nce7 15. h4 h5 16. Qd2 f6 17. Nf4 Nxf4 18. Qxf4 Qxf4 19. gxf4 Rfe8 20. Rxe7 Rxe7 21. Nxd5 Rf7 22. Nxc7 Rc8 23. Nd5 Be6 24. Ne3 Rd8 25. c3 Rfd7 26. Rg1 Kf8 27. Be4 a5 28. f5 Bxa2 29. Ng2 Rd6 30. Nf4 Bf7 31. Rg2 b5 32. Ke3 a4 33. d5 Rc8 34. Ne6+ Bxe6 35. fxe6 Rc7 36. f4 Rc5 37. f5 Rc7 38. Rd2 Ke7 39. Rd4 Rc5 40. Bf3 Rd8 41. Rd2 Rc4 42. Be4 Kd6 43. Kf4 Rg8 44. Rg2 g5+ 45. fxg6 f5 46. Kxf5 Rf8+ 47. Kg5 Rxe4 48. Kh6 Rg4 49. Rxg4 hxg4 50. g7 Rg8 51. Kh7 Rxg7+ 52. Kxg7 Ke7 0-1

[Event "EU-ch 20th"]
[Site "Skopje"]
[Date "2019.03.26"]
[Round "8"]
[White "Trajkovski, Mile"]
[Black "Filip, Andrei"]
[Result "1-0"]
[WhiteElo "2105"]
[BlackElo "1894"]
[PlyCount "53"]
[EventDate "2019.03.18"]
[EventType "swiss"]
[EventRounds "11"]
[EventCountry "MKD"]
[SourceTitle "CBM 189"]
[Source "ChessBase"]
[SourceDate "2019.04.29"]
[SourceVersion "1"]
[SourceVersionDate "2019.04.29"]
[SourceQuality "1"]

1. e4 e6 2. d4 d5 3. Nc3 Nf6 4. Bg5 Bb4 5. e5 h6 6. Bxf6 gxf6 7. Qh5 c5 8. a3 Qa5 9. Nge2 cxd4 10. axb4 Qxa1+ 11. Nd1 Nc6 12. exf6 Qa4 13. b5 Qxb5 14. Nxd4 Qa5+ 15. b4 Qxb4+ 16. c3 Qb6 17. Bb5 Bd7 18. Bxc6 bxc6 19. 0-0 Qd8 20. Qe5 Qb8 21. Qh5 Qf4 22. Nf3 Qxf6 23. Ne5 Rg8 24. f4 Rh8 25. Ne3 Ke7 26. Qe2 Kd6 27. Qa6 1-0

[Event "EU-ch 20th"]
[Site "Skopje"]
[Date "2019.03.25"]
[Round "7"]
[White "Sokolovsky, Yahli"]
[Black "Trajkovski, Mile"]
[Result "1-0"]
[WhiteElo "2278"]
[BlackElo "2105"]
[PlyCount "99"]
[EventDate "2019.03.18"]
[EventType "swiss"]
[EventRounds "11"]
[EventCountry "MKD"]
[SourceTitle "CBM 189"]
[Source "ChessBase"]
[SourceDate "2019.04.29"]
[SourceVersion "1"]
[SourceVersionDate "2019.04.29"]
[SourceQuality "1"]

1. e4 e5 2. Nf3 Nc6 3. Bb5 Nf6 4. d3 Ne7 5. Nc3 c6 6. Bc4 d6 7. Qe2 h6 8. Bb3 a5 9. a4 Ng6 10. Be3 Be7 11. h3 Be6 12. Bxe6 fxe6 13. d4 0-0 14. Rd1 Qc8 15. dxe5 dxe5 16. 0-0 Bb4 17. Nd2 Qe8 18. g3 Rd8 19. Bb6 Rd7 20. Nc4 Qa8 21. Na2 Qa6 22. Nxb4 axb4 23. b3 Rc8 24. Bc5 Rcd8 25. Bb6 Rxd1 26. Rxd1 Rd7 27. Rd3 Kh7 28. Qe3 Qa8 29. f3 Qe8 30. Qd2 Rxd3 31. Qxd3 Nh5 32. Kf2 Qe7 33. Qd8 Qf6 34. Qxf6 Nxf6 35. Nd6 Nd7 36. Be3 b6 37. c3 bxc3 38. b4 c2 39. Ke2 c5 40. b5 Kg8 41. Kd2 Kf8 42. Kxc2 Ke7 43. Nb7 Ke8 44. Kb3 Ne7 45. a5 bxa5 46. Nxc5 Nb6 47. Nb7 a4+ 48. Kc3 Nec8 49. Bc1 Nd7 50. Kb4 1-0

[Event "Skopje Karposh op"]
[Site "Skopje"]
[Date "2018.03.26"]
[Round "4"]
[White "Drazic, Sinisa"]
[Black "Trajkovski, Mile"]
[Result "1-0"]
[WhiteElo "2394"]
[BlackElo "2164"]
[PlyCount "53"]
[EventDate "2018.03.24"]
[EventType "swiss"]
[EventRounds "9"]
[EventCountry "MKD"]
[SourceTitle "CBM 183 Extra"]
[Source "ChessBase"]
[SourceDate "2018.04.19"]
[SourceVersion "1"]
[SourceVersionDate "2018.04.19"]
[SourceQuality "1"]

1. d4 d5 2. Nf3 h6 3. c4 Bf5 4. cxd5 Nf6 5. Nc3 Nxd5 6. Qb3 Nxc3 7. bxc3 e6 8. Ne5 Qc8 9. f3 Bd6 10. e4 Bh7 11. Ba3 0-0 12. Be2 Bxa3 13. Qxa3 Nd7 14. Nd3 b6 15. 0-0 Re8 16. Rfd1 a5 17. c4 Qd8 18. Rac1 Qe7 19. Qxe7 Rxe7 20. Kf2 Rae8 21. c5 Nb8 22. Ke3 Rd8 23. Ne5 f6 24. cxb6 cxb6 25. Nc6 Nxc6 26. Rxc6 f5 27. Bc4 1-0